Ranas y sapos de Colombia / (Registro nro. 601)
[ vista simple ]
| 000 -CABECERA | |
|---|---|
| Campo de control | 00939nam a2200301 a 4500 |
| 005 - FECHA Y HORA DE LA ULTIMA TRANSACCION | |
| Campo de control | 20170701020001.0 |
| 008 - ELEMENTOS DE LONGITUD FIJA—INFORMACION GENERAL | |
| Campo de control | 150922b1997 ck |||||r|||| 00| 0 spa d |
| 020 ## - ISBN | |
| ISBN | 9789586382141 |
| 040 ## - FUENTE DE CATALOGACIÓN | |
| Agencia catalogadora original | CO-BoIAVH |
| Agencia transcriptora | CO-BoIAVH |
| 041 ## - IDIOMA | |
| Código de idioma para texto/pista de sonido o título separado | Español |
| 044 ## - PAÍS DE PUBLICACIÓN | |
| País de publicación | Colombia |
| 082 ## - NUMERO DE CLASIFICACION DECIMAL DEWEY | |
| Número de clasificación | 597.8012 |
| Número del ítem | R41s |
| 090 ## - CLASIFICACIÓN LOCAL | |
| Colección | LB |
| Consecutivo | 00584 |
| 100 1# - ASIENTO PRINCIPAL--NOMBRE PERSONAL | |
| Nombre personal | Renjifo, Juan Manuel |
| 9 (RLIN) | 20567 |
| 245 ## - MENCION DE TITULO | |
| Título | Ranas y sapos de Colombia / |
| Mención de responsabilidad | Juan Manuel Renjifo |
| 260 ## - PUBLICACION, DISTRIBUCION, ETC. (PIE DE IMPRENTA) | |
| Lugar de publicación, distribución, etc. | Bogotá (Colombia): |
| Nombre del editor, distribuidor, etc. | Editorial Colina, |
| Fecha de publicación, distribución, etc. | 1997. |
| 300 ## - DESCRIPCION FISICA | |
| Extensión | 160 páginas : |
| Otros detalles físicos | ilustraciones y fotografías a color ; |
| Dimensiones | 32 cm. |
| 500 ## - NOTA GENERAL | |
| Nota general | Incluye glosario. |
| 650 #4 - ASIENTO SECUNDARIO DE MATERIA - TERMINO TEMATICO | |
| Término temático o nombre geográfico como elemento de entrada | Herpetofauna |
| 9 (RLIN) | 4239 |
| 650 #4 - ASIENTO SECUNDARIO DE MATERIA - TERMINO TEMATICO | |
| Término temático o nombre geográfico como elemento de entrada | Anfibia |
| Subdivisión general | Taxonomía |
| 9 (RLIN) | 39332 |
| 650 #4 - ASIENTO SECUNDARIO DE MATERIA - TERMINO TEMATICO | |
| Término temático o nombre geográfico como elemento de entrada | Anfibios |
| Subdivisión general | Taxonomía |
| 9 (RLIN) | 39333 |
| 650 #4 - ASIENTO SECUNDARIO DE MATERIA - TERMINO TEMATICO | |
| Término temático o nombre geográfico como elemento de entrada | Anfibios |
| Subdivisión general | Reproducción |
| 9 (RLIN) | 39334 |
| 650 #4 - ASIENTO SECUNDARIO DE MATERIA - TERMINO TEMATICO | |
| Término temático o nombre geográfico como elemento de entrada | Anfibia |
| Subdivisión general | Reproducción |
| 9 (RLIN) | 39335 |
| 650 #4 - ASIENTO SECUNDARIO DE MATERIA - TERMINO TEMATICO | |
| Término temático o nombre geográfico como elemento de entrada | Anfibios |
| Subdivisión general | Inventarios |
| 9 (RLIN) | 39336 |
| 650 #4 - ASIENTO SECUNDARIO DE MATERIA - TERMINO TEMATICO | |
| Término temático o nombre geográfico como elemento de entrada | Anfibia |
| Subdivisión general | Inventarios |
| 9 (RLIN) | 39337 |
| 662 ## - ASIENTO SECUNDARIO DE MATERIA - JERARQUIA DEL NOMBRE DE LUGAR( | |
| País o entidad mayor | Colombia |
| 942 ## - ELEMENTOS ADICIONALES (KOHA) | |
| Tipo de ítem | Libro |
| Sistema de clasificación | Dewey Decimal Classification |
| Koha issues (borrowed), all copies | 2 |
| Withdrawn status | Lost status | Damaged status | No para préstamo | Colección | Inventariado | Ubicación Permanente | Ubicación actual | Fecha de adquisición | Fuente de Valor | Valor | Total Checkouts | Número topográfico | Inventario / Código de Barras | Date last seen | Date checked out | Ejemplar | Price effective from | Forma de adquisición | Tipo de material | Sistema de Clasificación |
|---|---|---|---|---|---|---|---|---|---|---|---|---|---|---|---|---|---|---|---|---|
| General | Inventariado 2017 | Bogotá | Bogotá | 13/06/2003 | Instituto | 39000.00 | 2 | LB-597.8012 R41s | 004798 | 30/06/2017 | 30/06/2017 | Ej.1 | 04/12/2012 | Libro | Dewey Decimal Classification | |||||
| Herpetología | Inventariado 2017 | Villa de Leyva | Villa de Leyva | 19/02/1998 | Instituto | 39000.00 | 1 | LB-00584 | 003541 | 01/05/2013 | 01/05/2013 | Ej.1 | 04/12/2012 | Libro |